Průzkum kosmického prostoru v USA

Podrobná bibliografia
Hlavný autor: Zelníček, Miloslav (Autor)
Médium: Článok
Jazyk:čeština

MARC

LEADER 00000nab a2200000 a 4500
001 vtls011102787
003 SK-MaSNL
005 20260303150109.0
008 230222|1962 xo |||||||||||||||||cze|
015 |a SNBRB 
035 |a (uuid)f7e75de4-83cf-4234-b44a-d3cda3a23f40 
035 |a (urnnbn)urn:nbn:sk:snk:ar-a082lx 
035 |a urn:nbn:sk:snk-ab99d5 
040 |a SNKBUCL  |b slo  |c SNKBUCL  |e AACR2 
041 0 |a cze 
044 |a xo  |c SK 
100 1 |a Zelníček, Miloslav  |4 aut  |9 1168997 
245 1 0 |a Průzkum kosmického prostoru v USA  |c Miloslav Zelníček 
773 0 |t Svet vedy : populárnovedecký mesačník SAV a Čs. spoločnosti pre šírenie politických a vedeckých poznatkov  |g Roč. 9, č. 10 (1962), s. 586-591 
958 |a OND 
958 |a EUIPO 
958 |a article13 
999 |c 2007685  |d 2009615